| 000 | 00471nam a22001577a 4500 | ||
|---|---|---|---|
| 005 | 20260209083954.0 | ||
| 008 | 260209b |||||||| |||| 00| 0 eng d | ||
| 020 | _a978-81-7844-307-2 | ||
| 082 | _a613.7 KAN-T | ||
| 100 | _aKansal, Devinder. K | ||
| 245 | _aTest evaluation accreditation measurements and standards (teams). | ||
| 260 |
_aNew Delhi : _bK.K. Publications. _c2025. |
||
| 300 |
_axviii, 604 p. : _bill. ; _c25 cm. |
||
| 651 | _2Nursing. | ||
| 942 |
_2ddc _cMAIN |
||
| 999 |
_c10529 _d10530 |
||